| 000 | 00686nam a2200229Ia 4500 | ||
|---|---|---|---|
| 008 | 220216s9999 xx 000 0 und d | ||
| 100 | _aAnandhan A | ||
| 245 | 0 | _aThermorheological properties of thermoplastic elastomeric blends of NBR/SAN containing waste nitrile rubber vulcanizate powder | |
| 260 |
_bKautschuk Gummi Kunststoffe _c2004 |
||
| 300 | _a599-606 | ||
| 650 | _aBlends | ||
| 650 | _aExtrusion | ||
| 650 | _aNitrile rubber | ||
| 650 | _aPoly(styrene-co-acrylonitrile) | ||
| 650 | _aThermoplastic elastomer | ||
| 650 | _aThermorheological properties | ||
| 700 | _aBhowmick A K | ||
| 700 | _aDe P P | ||
| 700 | _aDe S K | ||
| 700 | _aSwayajith S | ||
| 942 | _cJS | ||
| 999 |
_c71298 _d71298 |
||